| 000 | 01138nam a2200241 a 4500 | ||
|---|---|---|---|
| 001 | 000039477 | ||
| 005 | 20250711124154.0 | ||
| 008 | 130702s2007 dr ac 000 0 spa d | ||
| 020 | _a9789993443209 | ||
| 040 |
_aDO-SdBNP _bspa _cBNPHU |
||
| 082 |
_a370.97293 _bM917e |
||
| 100 | 1 |
_aMota García, Fausto, _d1955- _931957 |
|
| 245 | 1 | 0 |
_aEducación y compromiso / _cFausto Mota García,. |
| 260 |
_aSanto Domingo : _bSecretaría de Estado de Educación, _c2007. _fEduprogreso |
||
| 300 |
_a213 p. : _bil., retrs. ; _c24 cm. |
||
| 500 | _aIncluye datos biográficos del autor en la solapa de la cubierta | ||
| 504 | _aBibliografía : p. 209-213 | ||
| 590 | _aInventariado, 2018/VM | ||
| 505 | 0 |
_tPrólogo -- _tIntroducción -- _tEducación y liderazgo en búsqueda de la calidad -- _tLiderazgo, crecimiento institucional y cambio -- _tAnálisis y comentario sobre temas educativos -- _tEducación, supervisión educativa, cultura de paz, juventud y los valores -- _tReferencias bibliográficas. |
|
| 650 | 4 |
_aEducación _zRepública Dominicana _9737 |
|
| 650 | 0 |
_aPlanificación educativa _917484 |
|
| 910 | _aValidado. Control de calidad EMS | ||
| 999 |
_c38967 _d38967 |
||